[Event "Oslo Chess Festival 2017"]
[Site "Oslo"]
[Date "2017.10.05"]
[Round "8"]
[White "Stark, Lars"]
[Black "Sousa, Ludy Helsio Paulo"]
[Result "1-0"]
[WhiteElo "2397"]
[BlackElo "2171"]
[Annotator "NA"]
[PlyCount "65"]
[EventDate "2017.??.??"]
[EventType "swiss"]
[EventCountry "NOR"]
[SourceTitle "playchess.com"]
[Source "ChessBase"]
[SourceQuality "1"]
[TimeControl "5400+30"]

1. c4 {[%emt 0:00:01]} c5 {[%emt 0:01:52]} 2. g3 {[%emt 0:00:08]} g6 {[%emt 0:00:02]} 3. Bg2 {[%emt 0:00:04]} Bg7 {[%emt 0:00:16]} 4. Nc3 {[%emt 0:00:05]} Nc6 {[%emt 0:00:05]} 5. a3 {[%emt 0:00:11]} e5 {[%emt 0:00:32]} 6. b4 {[%emt 0:00:38]} cxb4 {[%emt 0:01:58]} 7. axb4 {[%emt 0:00:07]} Nxb4 {[%emt 0:09:45]} 8. Ba3 {[%emt 0:00:24]} Bf8 {[%emt 0:04:53]} 9. Qa4 {[%emt 0:01:25]} Nc6 {[%emt 0:02:00]} 10. Nb5 {[%emt 0:00:14]} d6 {[%emt 0:00:40]} 11. Bxc6+ {[%emt 0:01:57]} bxc6 {[%emt 0:00:35]} 12. Nxd6+ {[%emt 0:00:05]} Bxd6 {[%emt 0:02:13]} 13. Qxc6+ {[%emt 0:00:06]} Bd7 {[%emt 0:02:35]} 14. Qxd6 {[%emt 0:00:07]} Ne7 {[%emt 0:14:03]} 15. Qxe5 {[%emt 0:00:14]} Rg8 {[%emt 0:00:38]} 16. Nf3 {[%emt 0:07:14]} Rc8 {[%emt 0:02:14]} 17. Bxe7 {[%emt 0:01:01]} Qxe7 {[%emt 0:00:04]} 18. Qxe7+ {[%emt 0:00:05]} Kxe7 {[%emt 0:00:11]} 19. Rxa7 {[%emt 0:00:05]} Ra8 {[%emt 0:02:35]} 20. Rxa8 {[%emt 0:00:06]} Rxa8 {[%emt 0:00:00]} 21. O-O {[%emt 0:00:11]} Ra2 {[%emt 0:00:17]} 22. Re1 {[%emt 0:00:53]} Rc2 {[%emt 0:00:06]} 23. d3 {[%emt 0:00:08]} f6 {[%emt 0:00:14]} 24. Nd4 {[%emt 0:01:01]} Rd2 {[%emt 0:00:43]} 25. f4 {[%emt 0:00:11]} Kd6 {[%emt 0:01:43]} 26. Kf2 {[%emt 0:00:10]} Bg4 {[%emt 0:00:29]} 27. Ra1 {[%emt 0:00:29]} Rb2 {[%emt 0:00:03]} 28. Ra6+ {[%emt 0:00:35]} Kc5 {[%emt 0:02:48]} 29. Ke3 {[%emt 0:00:04]} Rb7 {[%emt 0:00:26]} 30. Rc6+ {[%emt 0:00:12]} Kb4 {[%emt 0:00:10]} 31. Rxf6 {[%emt 0:00:05]} Re7+ {[%emt 0:02:05]} 32. Kd2 {[%emt 0:00:16]} Kc5 {[%emt 0:00:10]} 33. Kc3 {[%emt 0:00:05]} 1-0

[Event "Oslo Chess Festival 2017"]
[Site "Oslo"]
[Date "2017.10.05"]
[Round "8"]
[White "Chu, Wei Chao"]
[Black "Maze, Sebastien"]
[Result "1/2-1/2"]
[WhiteElo "2340"]
[BlackElo "2614"]
[Annotator "TA"]
[PlyCount "116"]
[EventDate "2017.??.??"]
[EventType "swiss"]
[EventCountry "NOR"]
[SourceTitle "playchess.com"]
[Source "ChessBase"]
[SourceQuality "1"]

{[%evp 17,116,14,14,20,16,7,10,11,39,5,43,27,48,29,26,17,33,0,0,0,0,0,0,-1,16,14,14,14,14,14,13,14,57,57,61,60,46,55,56,14,13,9,32,22,36,36,36,32,34,20,10,0,0,0,0,0,0,0,0,-7,0,0,0,0,0,0,0,0,0,0,0,0,0,0,0,0,0,0,0,0,0,0,0,0,0,0,0,0,0,0,0,0,0,0,0,0,0,0,0,0,0]} 1. d4 Nf6 2. c4 e6 3. Nf3 b6 4. g3 Bb4+ 5. Bd2 a5 6. Bg2 Bb7 7. O-O O-O 8. Bg5 Be7 9. Nc3 Ne4 10. Bxe7 {E16: Queen's Indian: 4 g3 Bb7 5 Bg2 Bb4+} Qxe7 11. Qc2 Nxc3 12. Qxc3 a4 $146 ({Predecessor:} 12... d6 13. Rfd1 Nd7 14. Ne1 Bxg2 {½-½ (14) Ikonnikov,V (2561)-Fedorchuk,S (2648) Leiden 2015}) 13. b4 d6 14. a3 Nd7 15. Rfd1 f5 16. Rac1 Nf6 17. d5 e5 ({Much weaker is} 17... exd5 $6 18. cxd5 Rac8 19. Nd4 $16) 18. Ng5 Bc8 19. c5 bxc5 20. bxc5 h6 21. cxd6 cxd6 22. Ne6 $1 $36 {[%cal Re6f8][%mdl 2048] White is pushing.} Bxe6 23. dxe6 e4 24. Qb4 Rfd8 25. Rc6 {[%cal Rd1d6]} Qxe6 26. Rcxd6 Rxd6 27. Rxd6 Qe5 28. Qd4 Qxd4 29. Rxd4 $11 {[%mdl 4096] Endgame KRB-KRN} Kf7 30. e3 Ke7 31. g4 g6 32. gxf5 gxf5 33. Bh3 Ra5 {The position is equal.} 34. Rb4 Nd5 35. Rc4 Kf6 36. Rc6+ Kg5 37. Bf1 h5 38. Bc4 h4 39. Kg2 Nf6 40. Rc7 Ng4 41. Rg7+ Kf6 42. Rf7+ Kg6 {[#] Strongly threatening ...Rc5.} 43. Rb7 Rc5 44. Rb4 Kg5 45. h3 Ne5 46. Bf1 Nf3 47. Rxa4 Rc1 48. Ra8 Kf6 49. a4 Rc7 50. Rg8 Kf7 51. Ra8 Kf6 52. Rg8 Rc6 {[#] aiming for ...Kf7.} 53. Ra8 Kf7 54. Ra7+ Kg8 55. Ra8+ Kh7 (55... Kf7 $5 {[%cal Rc6g6]} 56. Kh1 Rc1 $11) 56. Ra7+ Kh8 57. Ra8+ Kh7 {( -> ...Rg6+)} 58. Ra7+ Kh8 {Precision: White = 52%, Black = 70%.} 1/2-1/2

[Event "Oslo Chess Festival 2017"]
[Site "Oslo"]
[Date "2017.10.05"]
[Round "8"]
[White "Efroimski, Marsel"]
[Black "Li, Xueyi"]
[Result "1-0"]
[WhiteElo "2331"]
[BlackElo "2157"]
[Annotator "NA"]
[PlyCount "155"]
[EventDate "2017.??.??"]
[EventType "swiss"]
[EventCountry "NOR"]
[SourceTitle "playchess.com"]
[Source "ChessBase"]
[SourceQuality "1"]
[TimeControl "5400+30"]

1. e4 {[%emt 0:11:21]} c6 {[%emt 0:00:23]} 2. d4 {[%emt 0:00:06]} d5 {[%emt 0:00:05]} 3. Nc3 {[%emt 0:00:04]} dxe4 {[%emt 0:00:05]} 4. Nxe4 {[%emt 0:00:02]} Bf5 {[%emt 0:00:06]} 5. Ng3 {[%emt 0:00:03]} Bg6 {[%emt 0:00:06]} 6. h4 {[%emt 0:00:03]} h6 {[%emt 0:00:07]} 7. Nf3 {[%emt 0:00:14]} Nd7 {[%emt 0:01:31]} 8. h5 {[%emt 0:00:34]} Bh7 {[%emt 0:00:05]} 9. Bd3 {[%emt 0:00:03]} Bxd3 {[%emt 0:00:07]} 10. Qxd3 {[%emt 0:00:06]} e6 {[%emt 0:00:05]} 11. Bd2 {[%emt 0:00:07]} Ngf6 {[%emt 0:00:05]} 12. O-O-O {[%emt 0:00:05]} Be7 {[%emt 0:00:04]} 13. Ne4 {[%emt 0:01:42]} Nxe4 {[%emt 0:00:06]} 14. Qxe4 {[%emt 0:00:03]} Nf6 {[%emt 0:00:06]} 15. Qe2 {[%emt 0:00:07]} Qd5 {[%emt 0:00:08]} 16. Kb1 {[%emt 0:00:22]} Qb5 {[%emt 0:00:39]} 17. Qxb5 {[%emt 0:08:27]} cxb5 {[%emt 0:01:13]} 18. Ne5 {[%emt 0:00:25]} Rd8 {[%emt 0:04:37]} 19. Be1 {[%emt 0:10:30]} O-O {[%emt 0:02:01]} 20. f3 {[%emt 0:00:37]} Nd7 {[%emt 0:02:27]} 21. Ba5 {[%emt 0:03:00]} Nb6 {[%emt 0:00:59]} 22. Bxb6 axb6 {[%emt 0:00:01]} 23. a3 {[%emt 0:08:32]} b4 {[%emt 0:00:07]} 24. axb4 {[%emt 0:01:06]} Bxb4 {[%emt 0:00:43]} 25. c3 {[%emt 0:00:31]} Be7 {[%emt 0:00:12]} 26. Kc2 {[%emt 0:00:17]} b5 {[%emt 0:02:25]} 27. b4 {[%emt 0:09:43]} Rc8 {[%emt 0:17:45]} 28. Kb2 {[%emt 0:07:21]} Rc7 {[%emt 0:01:28]} 29. Rd3 {[%emt 0:00:27]} Rd8 {[%emt 0:01:04]} 30. Ra1 {[%emt 0:02:40]} Bf6 {[%emt 0:30:18]} 31. f4 {[%emt 0:08:28]} Rd5 {[%emt 0:03:38]} 32. Ra8+ {[%emt 0:01:34]} Kh7 {[%emt 0:00:17]} 33. Rd1 {[%emt 0:10:17]} Bxe5 {[%emt 0:01:10]} 34. fxe5 {[%emt 0:00:04]} f6 {[%emt 0:00:03]} 35. Rf1 {[%emt 0:02:23]} fxe5 {[%emt 0:08:42]} 36. Rff8 {[%emt 0:00:05]} g5 {[%emt 0:00:05]} 37. Rh8+ {[%emt 0:00:29]} Kg7 {[%emt 0:00:02]} 38. Rag8+ {[%emt 0:00:25]} Kf7 {[%emt 0:00:02]} 39. Rg6 {[%emt 0:03:36]} Rc6 {[%emt 0:01:32]} 40. Rh7+ {[%emt 0:11:55]} Kf8 {[%emt 0:00:02]} 41. Rxb7 {[%emt 0:00:42]} exd4 {[%emt 0:00:53]} 42. cxd4 {[%emt 0:00:21]} Rcd6 {[%emt 0:21:37]} 43. Rxh6 {[%emt 0:00:09]} Kg8 {[%emt 0:00:01]} 44. Rg6+ {[%emt 0:00:24]} Kh8 {[%emt 0:00:24]} 45. h6 {[%emt 0:01:02]} Rxd4 {[%emt 0:00:13]} 46. Rxb5 {[%emt 0:00:16]} Rd2+ {[%emt 0:02:18]} 47. Kb3 {[%emt 0:00:12]} R6d3+ {[%emt 0:00:04]} 48. Kc4 {[%emt 0:00:10]} Rd4+ {[%emt 0:00:03]} 49. Kc5 {[%emt 0:00:49]} Rd5+ {[%emt 0:00:25]} 50. Kb6 {[%emt 0:00:25]} Rd6+ {[%emt 0:00:11]} 51. Kb7 {[%emt 0:00:22]} Rxg2 {[%emt 0:01:05]} 52. Rgxg5 {[%emt 0:01:16]} Rxg5 {[%emt 0:00:43]} 53. Rxg5 {[%emt 0:00:04]} Rd5 {[%emt 0:00:03]} 54. Rg4 {[%emt 0:00:44]} e5 {[%emt 0:00:04]} 55. Rc4 {[%emt 0:00:33]} Rd4 {[%emt 0:00:15]} 56. Rc8+ {[%emt 0:00:30]} Kh7 {[%emt 0:00:01]} 57. b5 {[%emt 0:00:10]} Kxh6 {[%emt 0:01:30]} 58. Re8 {[%emt 0:00:27]} e4 {[%emt 0:02:31]} 59. Kc6 {[%emt 0:00:03]} Kg6 {[%emt 0:00:40]} 60. Kc5 {[%emt 0:00:11]} Kf7 {[%emt 0:00:50]} 61. Ra8 {[%emt 0:01:01]} Rd1 {[%emt 0:00:12]} 62. b6 {[%emt 0:00:55]} Rc1+ {[%emt 0:00:49]} 63. Kd6 {[%emt 0:00:31]} Rd1+ {[%emt 0:00:33]} 64. Kc7 {[%emt 0:00:30]} Rc1+ {[%emt 0:00:05]} 65. Kb8 {[%emt 0:00:23]} e3 {[%emt 0:00:38]} 66. Ra2 {[%emt 0:00:11]} Rd1 {[%emt 0:00:51]} 67. Re2 {[%emt 0:00:43]} Rd3 {[%emt 0:00:48]} 68. b7 {[%emt 0:00:13]} Kf6 {[%emt 0:00:33]} 69. Rb2 {[%emt 0:01:24]} Rd2 {[%emt 0:00:39]} 70. Rb6+ {[%emt 0:00:29]} Kf5 {[%emt 0:00:09]} 71. Kc7 {[%emt 0:00:17]} Rc2+ {[%emt 0:00:27]} 72. Kd6 {[%emt 0:00:48]} Rd2+ {[%emt 0:01:11]} 73. Kc5 {[%emt 0:00:25]} Rc2+ {[%emt 0:00:29]} 74. Kd4 {[%emt 0:00:12]} e2 {[%emt 0:00:02]} 75. b8=Q {[%emt 0:00:32]} e1=Q {[%emt 0:00:03]} 76. Qf8+ {[%emt 0:00:26]} Kg4 {[%emt 0:00:13]} 77. Rg6+ {[%emt 0:00:07]} Kh3 {[%emt 0:00:10]} 78. Qf5+ {[%emt 0:00:19]} 1-0

[Event "Oslo Chess Festival 2017"]
[Site "Oslo"]
[Date "2017.10.05"]
[Round "8"]
[White "Kvisvik, Brede"]
[Black "Notkevich, Benjamin Arvola"]
[Result "0-1"]
[WhiteElo "2296"]
[BlackElo "2458"]
[Annotator "TA"]
[PlyCount "94"]
[EventDate "2017.??.??"]
[EventType "swiss"]
[EventCountry "NOR"]
[SourceTitle "playchess.com"]
[Source "ChessBase"]
[SourceQuality "1"]

{[%evp 14,94,12,0,0,-25,0,-34,-35,-25,-37,-33,-21,-52,-58,-60,-53,-54,-55,-59,-49,-63,-24,-19,-20,-29,-4,-27,-25,-47,-52,-40,-32,-31,-33,-30,-17,-34,-33,-33,-27,-35,-34,-63,-30,-37,-8,-39,-23,-38,-18,-57,-23,-57,-39,-138,-61,-91,-80,-139,-131,-134,-138,-135,-147,-152,-81,-129,-37,-94,-19,-93,-81,-142,-138,-160,-132,-165,-147,-256,-258,-289,0]} 1. d4 Nf6 2. c4 e6 3. g3 d5 4. Bg2 dxc4 5. Nf3 Bd7 6. Ne5 Bc6 7. Nxc6 Nxc6 8. Qa4 Qd7 {E04: Open Catalan: 5 Nf3} 9. Bxc6 (9. Qxc4 {looks sharper.} Nxd4 10. Bxb7 Rb8 11. Bg2 Bb4+ 12. Nd2) (9. Qxc4 Nxd4 10. O-O O-O-O 11. Nc3 e5 12. Bg5 Qe6 13. Qa4 Bc5 14. e3 Nc6 15. Rac1 Bb6 16. Bxf6 gxf6 {½-½ (69) Bindrich,F (2594)-Ponomariov,R (2710) Berlin 2015}) 9... bxc6 (9... Qxc6 {with more complications.} 10. Qxc6+ bxc6 11. O-O Rd8 12. Be3 Nd5) 10. O-O c5 {Black is slightly better.} 11. Qxd7+ Nxd7 12. dxc5 Bxc5 13. Nd2 Nb6 14. Ne4 Bd4 15. e3 Be5 16. f4 Bd6 $146 17. Bd2 Ke7 18. Bc3 f6 19. Rfc1 Nd5 20. Kf2 Rab8 21. Rab1 Rb5 22. a4 Nxc3 23. bxc3 Rd5 24. Rc2 Kd7 25. Nd2 Ra5 26. Ra2 Rc5 27. a5 a6 28. Rbb2 Kc6 29. Ra4 Rd8 30. Ke2 Be7 31. Nxc4 h5 32. h3 Rb5 33. Rd2 Rdb8 34. e4 (34. Ra1 $15) 34... Rc5 (34... Rb3 $17 35. Rc2 Kb5) 35. Kd3 Rb1 36. Kc2 (36. Rg2 $142) 36... Rg1 $17 37. Rd3 Rg2+ 38. Nd2 Bd6 39. h4 g6 ({Black should try} 39... e5 40. f5 Rb5) 40. Rf3 Kb5 (40... Rb5 $17 41. Rc4+ Kd7) 41. Ra1 {[#]} ({White should play} 41. Ra2 $15) 41... e5 ({Better is} 41... f5 $1 $17 42. e5 Be7) 42. Kd3 {[#]} (42. f5 $11 {keeps the balance.} gxf5 43. Rxf5) 42... f5 $1 43. c4+ (43. Raf1 $142) 43... Kc6 44. exf5 gxf5 45. fxe5 Bxe5 46. Raf1 (46. Rb1 $17 Rxa5 47. Rxf5) 46... Rxa5 $19 47. Rxf5 Ra2 $2 {[%mdl 32768] Precision: White = 31%, Black = 47%. . Loss on Time!?} ({Less strong is} 47... Rxg3+ 48. R1f3 $17) (47... Ra3+ $19 48. Kc2 Bxg3) 0-1

[Event "Oslo Chess Festival 2017"]
[Site "Oslo"]
[Date "2017.10.05"]
[Round "8"]
[White "Dolzhykova, Kateryna"]
[Black "Markussen, Petter B"]
[Result "1/2-1/2"]
[WhiteElo "2270"]
[BlackElo "1756"]
[Annotator "NA"]
[PlyCount "90"]
[EventDate "2017.??.??"]
[EventType "swiss"]
[EventCountry "NOR"]
[SourceTitle "playchess.com"]
[Source "ChessBase"]
[SourceQuality "1"]
[TimeControl "5400+30"]

1. e4 {[%emt 0:00:16]} b6 {[%emt 0:00:15]} 2. d4 {[%emt 0:00:13]} Bb7 {[%emt 0:00:13]} 3. Nc3 {[%emt 0:00:41]} e6 {[%emt 0:00:06]} 4. Be3 {[%emt 0:03:11]} Bb4 {[%emt 0:02:30]} 5. f3 {[%emt 0:02:03]} d5 {[%emt 0:02:23]} 6. Bd3 {[%emt 0:06:33]} Bxc3+ {[%emt 0:01:07]} 7. bxc3 {[%emt 0:00:02]} dxe4 {[%emt 0:00:44]} 8. fxe4 {[%emt 0:00:51]} Bxe4 {[%emt 0:01:35]} 9. Nf3 {[%emt 0:00:02]} Bxd3 {[%emt 0:10:42]} 10. Qxd3 {[%emt 0:00:28]} Nd7 {[%emt 0:00:23]} 11. O-O {[%emt 0:01:38]} Ngf6 {[%emt 0:02:27]} 12. Bg5 {[%emt 0:03:57]} h6 {[%emt 0:06:03]} 13. Bh4 {[%emt 0:01:24]} O-O {[%emt 0:03:41]} 14. Nd2 {[%emt 0:00:01]} Qe8 {[%emt 0:06:16]} 15. c4 {[%emt 0:09:40]} c5 {[%emt 0:08:25]} 16. d5 {[%emt 0:01:31]} exd5 {[%emt 0:01:08]} 17. Rae1 {[%emt 0:09:43]} Qc8 {[%emt 0:06:55]} 18. cxd5 {[%emt 0:01:32]} Re8 {[%emt 0:04:01]} 19. Nc4 {[%emt 0:03:12]} Qa6 {[%emt 0:00:19]} 20. d6 {[%emt 0:09:47]} b5 {[%emt 0:06:17]} 21. Bxf6 {[%emt 0:14:17]} bxc4 {[%emt 0:01:47]} 22. Rxe8+ {[%emt 0:00:10]} Rxe8 {[%emt 0:00:06]} 23. Qg3 {[%emt 0:00:10]} Nxf6 {[%emt 0:01:33]} 24. Rxf6 {[%emt 0:00:03]} Kf8 {[%emt 0:05:35]} 25. Rf1 {[%emt 0:02:37]} Qc6 {[%emt 0:01:55]} 26. Qg6 {[%emt 0:04:58]} f6 {[%emt 0:03:04]} 27. Rd1 {[%emt 0:03:10]} Rd8 {[%emt 0:00:52]} 28. Qg3 {[%emt 0:00:15]} Rd7 {[%emt 0:01:01]} 29. Qf4 {[%emt 0:00:46]} a5 {[%emt 0:01:32]} 30. h4 {[%emt 0:02:02]} h5 {[%emt 0:00:37]} 31. Kh1 {[%emt 0:01:36]} Rd8 {[%emt 0:01:57]} 32. Kh2 {[%emt 0:02:34]} Rd7 {[%emt 0:00:31]} 33. g3 {[%emt 0:02:36]} Rd8 {[%emt 0:00:30]} 34. Qd2 {[%emt 0:00:14]} Rd7 {[%emt 0:00:58]} 35. Qd5 {[%emt 0:06:20]} Qxd5 {[%emt 0:06:15]} 36. Rxd5 {[%emt 0:00:02]} Kf7 {[%emt 0:00:07]} 37. Rxc5 {[%emt 0:00:21]} Rxd6 {[%emt 0:00:06]} 38. Rxc4 {[%emt 0:00:06]} Rd2+ {[%emt 0:02:52]} 39. Kh3 {[%emt 0:00:07]} Re2 {[%emt 0:00:20]} 40. Rc5 {[%emt 0:01:27]} a4 {[%emt 0:00:59]} 41. Rc4 {[%emt 0:01:09]} Ke6 {[%emt 0:02:23]} 42. a3 {[%emt 0:01:10]} g5 {[%emt 0:00:49]} 43. hxg5 {[%emt 0:00:44]} fxg5 {[%emt 0:00:04]} 44. c3 {[%emt 0:01:52]} Kf5 {[%emt 0:01:48]} 45. Rc5+ {[%emt 0:02:03]} Re5 {[%emt 0:00:34]} 1/2-1/2

[Event "Oslo Chess Festival 2017"]
[Site "Oslo"]
[Date "2017.10.05"]
[Round "8"]
[White "Tryggestad, Andreas Garberg"]
[Black "Stany, G A"]
[Result "1/2-1/2"]
[WhiteElo "2250"]
[BlackElo "2491"]
[Annotator "TA"]
[PlyCount "46"]
[EventDate "2017.??.??"]
[EventType "swiss"]
[EventCountry "NOR"]
[SourceTitle "playchess.com"]
[Source "ChessBase"]
[SourceQuality "1"]

{[%evp 17,46,-21,-20,-14,-10,-26,-15,-22,-14,-8,0,0,0,0,0,0,0,0,22,20,33,10,21,9,25,0,14,0,29,0,1076]} 1. e4 e5 2. Nf3 Nc6 3. Bb5 a6 4. Bxc6 dxc6 5. O-O Ne7 {[%cal Bg8e7,Be7g6,Bg6e5][%mdl 32]} 6. Nc3 {C68: Ruy Lopez: Exchange Variation, sidelines} (6. Nxe5 Qd4 7. Qh5 g6 8. Qg5 Bg7 9. Nd3 f5 10. e5 c5 11. b3 b6 12. Bb2 Qg4 13. Qe3 Nd5 14. Qe1 Bb7 15. f3 Qg5 16. Nc3 O-O-O 17. Nxd5 Bxd5 18. Qe2 f4 19. b4 {½-½ (32) Motylev,A (2658)-Ponomariov,R (2729) Poikovsky 2012}) 6... Ng6 7. d4 Bg4 8. dxe5 Qxd1 9. Rxd1 Bb4 {LiveBook: 5 Games} 10. Be3 Bxf3 11. gxf3 Nxe5 12. Kg2 Bxc3 13. bxc3 Rd8 $146 ({Predecessor:} 13... b6) 14. Bf4 f6 15. Bxe5 Rxd1 16. Rxd1 fxe5 $11 {[%mdl 4096] Endgame KR-KR} 17. f4 Rf8 18. fxe5 Ke7 19. Rd3 Ke6 20. Rf3 Rd8 21. Rd3 Rf8 22. Rf3 Rd8 23. Rd3 Kxe5 $2 {[%mdl 40960] Precision: White = 40%, Black = 50%. . An unexpected result.} (23... Rf8 $11) 1/2-1/2

[Event "Oslo Chess Festival 2017"]
[Site "Oslo"]
[Date "2017.10.05"]
[Round "8"]
[White "Lund, Gunnar"]
[Black "Bentsen, Hakon"]
[Result "0-1"]
[WhiteElo "2244"]
[BlackElo "2071"]
[Annotator "NA"]
[PlyCount "106"]
[EventDate "2017.??.??"]
[EventType "swiss"]
[EventCountry "NOR"]
[SourceTitle "playchess.com"]
[Source "ChessBase"]
[SourceQuality "1"]
[TimeControl "5400+30"]

1. e4 {[%emt 0:00:07]} e5 {[%emt 0:00:15]} 2. Nf3 {[%emt 0:00:09]} Nc6 {[%emt 0:00:13]} 3. Bb5 {[%emt 0:00:09]} a6 {[%emt 0:00:16]} 4. Ba4 {[%emt 0:00:06]} Nf6 {[%emt 0:00:07]} 5. O-O {[%emt 0:00:10]} Nxe4 {[%emt 0:01:19]} 6. d4 {[%emt 0:00:18]} b5 {[%emt 0:00:07]} 7. Bb3 {[%emt 0:00:04]} d5 {[%emt 0:00:05]} 8. dxe5 {[%emt 0:00:26]} Be6 {[%emt 0:00:07]} 9. Nbd2 {[%emt 0:00:17]} Nc5 {[%emt 0:00:25]} 10. c3 {[%emt 0:00:23]} Be7 {[%emt 0:00:20]} 11. Bc2 {[%emt 0:01:50]} d4 {[%emt 0:01:09]} 12. h3 {[%emt 0:38:54]} d3 {[%emt 0:07:27]} 13. Bb1 {[%emt 0:01:33]} Bf5 {[%emt 0:00:40]} 14. Nb3 {[%emt 0:06:48]} Nxb3 {[%emt 0:05:56]} 15. axb3 {[%emt 0:02:32]} O-O {[%emt 0:08:38]} 16. Re1 {[%emt 0:06:08]} Qd5 {[%emt 0:07:02]} 17. b4 {[%emt 0:05:53]} Rfd8 {[%emt 0:04:34]} 18. Ba2 {[%emt 0:01:19]} Qd7 {[%emt 0:00:07]} 19. Be3 {[%emt 0:02:43]} Be6 {[%emt 0:04:55]} 20. Bxe6 {[%emt 0:11:31]} Qxe6 {[%emt 0:00:16]} 21. Bf4 {[%emt 0:06:16]} Rd7 {[%emt 0:14:49]} 22. Qd2 {[%emt 0:01:09]} h6 {[%emt 0:00:19]} 23. Re4 {[%emt 0:04:46]} f5 {[%emt 0:04:20]} 24. Re3 {[%emt 0:04:23]} g5 {[%emt 0:00:27]} 25. Bh2 {[%emt 0:00:05]} g4 {[%emt 0:00:10]} 26. hxg4 {[%emt 0:02:55]} fxg4 {[%emt 0:00:06]} 27. Nd4 {[%emt 0:00:20]} Nxd4 {[%emt 0:00:11]} 28. cxd4 {[%emt 0:00:09]} Rxd4 {[%emt 0:04:33]} 29. Rxd3 {[%emt 0:00:23]} Bxb4 {[%emt 0:00:33]} 30. Qd1 {[%emt 0:00:07]} Rxd3 {[%emt 0:00:14]} 31. Qxd3 {[%emt 0:00:01]} Be7 {[%emt 0:02:17]} 32. Bf4 {[%emt 0:03:02]} Kg7 {[%emt 0:03:09]} 33. Qe4 {[%emt 0:01:21]} c6 {[%emt 0:00:17]} 34. Rc1 {[%emt 0:00:12]} Rc8 {[%emt 0:00:08]} 35. Rc3 {[%emt 0:00:48]} Qg6 {[%emt 0:00:55]} 36. Qe1 {[%emt 0:00:07]} Bb4 {[%emt 0:00:22]} 37. e6 {[%emt 0:00:15]} Bxc3 {[%emt 0:03:09]} 38. Qxc3+ {[%emt 0:00:00]} Kh7 {[%emt 0:00:45]} 39. Qe5 {[%emt 0:00:31]} c5 {[%emt 0:03:05]} 40. e7 {[%emt 0:00:32]} c4 {[%emt 0:00:27]} 41. Be3 {[%emt 0:01:14]} Re8 {[%emt 0:01:01]} 42. Bc5 {[%emt 0:00:27]} a5 {[%emt 0:01:34]} 43. Bd4 {[%emt 0:00:16]} b4 {[%emt 0:01:00]} 44. Qxa5 {[%emt 0:00:23]} Rxe7 {[%emt 0:01:14]} 45. Qxb4 {[%emt 0:00:09]} Rd7 {[%emt 0:00:20]} 46. Bc3 {[%emt 0:00:50]} Rd1+ {[%emt 0:00:18]} 47. Be1 {[%emt 0:00:01]} Qe4 {[%emt 0:00:06]} 48. Kf1 {[%emt 0:00:18]} Qd3+ {[%emt 0:00:42]} 49. Kg1 {[%emt 0:00:00]} Qe2 {[%emt 0:00:11]} 50. Qb7+ {[%emt 0:00:12]} Kg6 {[%emt 0:00:22]} 51. Qc6+ {[%emt 0:00:29]} Kf5 {[%emt 0:01:44]} 52. Qc8+ {[%emt 0:02:35]} Qe6 {[%emt 0:01:15]} 53. Qc5+ {[%emt 0:00:28]} Kg6 {[%emt 0:00:09]} 0-1

[Event "Oslo Chess Festival 2017"]
[Site "Oslo"]
[Date "2017.10.05"]
[Round "8"]
[White "Nielsen, Andre"]
[Black "Lindbol, Aleksander"]
[Result "1/2-1/2"]
[WhiteElo "2162"]
[BlackElo "2006"]
[Annotator "NA"]
[PlyCount "100"]
[EventDate "2017.??.??"]
[EventType "swiss"]
[EventCountry "NOR"]
[SourceTitle "playchess.com"]
[Source "ChessBase"]
[SourceQuality "1"]
[TimeControl "5400+30"]

1. e4 {[%emt 0:00:02]} c6 {[%emt 0:00:10]} 2. d4 {[%emt 0:00:13]} d5 {[%emt 0:00:09]} 3. e5 {[%emt 0:00:44]} Bf5 {[%emt 0:00:29]} 4. h4 {[%emt 0:00:18]} h5 {[%emt 0:00:11]} 5. c4 {[%emt 0:00:18]} e6 {[%emt 0:01:15]} 6. Nc3 {[%emt 0:00:26]} Nd7 {[%emt 0:03:39]} 7. cxd5 {[%emt 0:01:39]} cxd5 {[%emt 0:01:22]} 8. Bd3 {[%emt 0:02:33]} Bxd3 {[%emt 0:04:00]} 9. Qxd3 {[%emt 0:00:16]} Ne7 {[%emt 0:02:47]} 10. Nf3 {[%emt 0:04:44]} Nf5 {[%emt 0:04:10]} 11. Bg5 {[%emt 0:07:18]} f6 {[%emt 0:18:05]} 12. exf6 {[%emt 0:05:11]} gxf6 {[%emt 0:00:19]} 13. Bf4 {[%emt 0:00:37]} Bd6 {[%emt 0:07:40]} 14. Bxd6 {[%emt 0:04:06]} Nxd6 {[%emt 0:00:08]} 15. Qg6+ {[%emt 0:07:10]} Ke7 {[%emt 0:00:24]} 16. O-O {[%emt 0:02:15]} Qg8 {[%emt 0:01:23]} 17. Qd3 {[%emt 0:08:34]} Qg4 {[%emt 0:06:48]} 18. Rfe1 {[%emt 0:02:36]} Kf7 {[%emt 0:02:39]} 19. Qe2 {[%emt 0:09:52]} Rhg8 {[%emt 0:14:34]} 20. g3 {[%emt 0:00:25]} Rae8 {[%emt 0:00:45]} 21. Rac1 {[%emt 0:06:47]} Rc8 {[%emt 0:10:10]} 22. Nh2 {[%emt 0:15:08]} Qxe2 {[%emt 0:02:13]} 23. Rxe2 {[%emt 0:01:39]} Nb5 {[%emt 0:00:46]} 24. Nf3 {[%emt 0:03:08]} Nxc3 {[%emt 0:00:58]} 25. bxc3 {[%emt 0:00:26]} Rc6 {[%emt 0:00:33]} 26. Re3 {[%emt 0:02:59]} Rgc8 {[%emt 0:01:32]} 27. Ne1 {[%emt 0:01:55]} Nb6 {[%emt 0:01:25]} 28. Nd3 {[%emt 0:01:58]} Na4 {[%emt 0:03:55]} 29. Nf4 {[%emt 0:00:34]} Nxc3 {[%emt 0:01:03]} 30. Rce1 {[%emt 0:00:36]} Nxa2 {[%emt 0:03:29]} 31. Ra3 {[%emt 0:00:53]} Rc1 {[%emt 0:03:07]} 32. Rxc1 {[%emt 0:00:24]} Nxc1 {[%emt 0:00:18]} 33. Rxa7 {[%emt 0:01:40]} Rc7 {[%emt 0:00:10]} 34. Ra8 {[%emt 0:01:22]} Rd7 {[%emt 0:03:52]} 35. Rh8 {[%emt 0:01:36]} e5 {[%emt 0:01:58]} 36. Rh7+ {[%emt 0:04:42]} Ke8 {[%emt 0:00:02]} 37. Nxh5 {[%emt 0:00:31]} Rxh7 {[%emt 0:00:57]} 38. Nxf6+ {[%emt 0:00:06]} Ke7 {[%emt 0:00:22]} 39. Nxh7 {[%emt 0:00:08]} Ne2+ {[%emt 0:00:27]} 40. Kf1 {[%emt 0:00:49]} Nxd4 {[%emt 0:00:04]} 41. Ng5 {[%emt 0:00:46]} b5 {[%emt 0:00:49]} 42. h5 {[%emt 0:01:03]} e4 {[%emt 0:02:12]} 43. Ke1 {[%emt 0:01:40]} Kf6 {[%emt 0:00:28]} 44. h6 {[%emt 0:00:28]} Kg6 {[%emt 0:00:03]} 45. h7 {[%emt 0:00:16]} Kg7 {[%emt 0:00:03]} 46. Kd1 {[%emt 0:01:04]} b4 {[%emt 0:01:22]} 47. Kc1 {[%emt 0:00:55]} Nf3 {[%emt 0:00:33]} 48. Ne6+ {[%emt 0:00:16]} Kxh7 {[%emt 0:00:06]} 49. Nf4 {[%emt 0:00:32]} d4 {[%emt 0:00:28]} 50. Nd5 {[%emt 0:02:37]} Ne5 {[%emt 0:00:15]} 1/2-1/2